00706nam a22001697a 4500003000900000008004100009040007100050082002500121100003000146245008600176260002300262300002800285505018300313650001400496650001400510650001200524AR-CdUCM190408b ||||| |||| 00| 0 spa d aMUNICIPALIDAD PROVINCIAL DEL CUSCOcBIBLIOTECA MUNICIPAL DEL CUSCO 22 ed.a923.5 /bN24  aMuñoz Escámez, José aNapoleón intimo :bMemoria de su secretario particular Fauvelet de Bourrienne / aParís :bBouret. a223 páginas ;c19 cm. aContenido : ¿Quien era Bourrienne ? -- Fecha autentica de nacimiento de Bonaparte -- Como conocí a Bonaparte -- Informe de Napoleón acerca de la escuela en que estudiaba ... aHistoria  aUniversal aEuropeo